000
00218nam a2200097Ia 4500
008
191206s9999 xx 000 0 und d
020
_a
19271717340
090
_a
PT9816.078
245
4
_a
THE DOLL'S HOUSE
260
_c
c1995
999
_c
17050
_d
17050